000 01903nam a2200361 a 4500
003 CO-PeBPR
005 20260428095800.0
008 260415e2024 ck a|||| n||| 00| 0 spa c
020 _a9789586658478
040 0 _aCO-PeBPR
_bspa
_cCO-PeBPR
_erda
041 0 _hspa
082 0 4 _a923.1 L566c
100 1 _aComotto, Agustín
_eautor
_eilustrador
245 _aLenin
_b: El hombre que cambió el mundo
_c/ Texto e ilustraciones de Agustín Comotto
250 _aEdición especial
264 1 _aBogotá, Colombia
_b: Siglo del Hombre
_c, 2024
300 _a123 páginas
_b: ilustraciones a color
_c; 23 centímetros
336 _atexto
_btxt
_crdacontenido
337 _asin mediación
_bn
_2rdamedio
338 _avolumen
_bnc
_2rdasoporte
500 _aIncluye índice.
504 _aIncluye bibliografía.
520 _bPocas veces se puede narrar cómo el genio de un individuo cambió el curso de la historia humana a escala global. Lenin. El hombre que cambió el mundo cuenta el periplo vital del creador del primer Estado fruto de un diseño intelectual y no de la evolución natural de la vida en sociedad. Lenin, como nadie antes, supo interpretar el comportamiento y la reacción de las personas y, así, erigir desde la nada un poder político nunca antes visto. Con él nació el primer Estado Socialista. A través de su breve vida, el lector descubrirá una época apasionante donde los acontecimientos en torno al protagonista son favorables al gran cambio que tenía entre manos.
521 _aRecomendado para Jóvenes y adultos.
600 1 4 _aLenin, Vladimir Ilich
_d1870-1924
650 1 4 _2LEMB
_aLideres comunistas
_xBiografías
650 1 4 _2LEMB
_aRevolucionarios
650 1 4 _2LEMB
_aRevolución
_zRusia
650 1 4 _2LEMB
_aSocialismo
_xHistoria
651 _2LEMB
_aPolíticos rusos
_xBiografías
651 _2LEMB
_aUnión Soviética
_xHistoria
_y1917-1921
942 _2ddc
_cBK
999 _c17798
_d17798